00866cam a2200289 a 450000100090000000300040000900500170001300800410003001000170007102000380008803500200012604000220014604200080016805000140017606000110019008200200020110000260022124500760024724600240032325000130034726000450036030000400040550400510044550500150049665000310051165000340054217229141OSt20230503115110.0120326s2013 moua b 001 0 eng  a 2012012532 a9780323091145 (pbk. : alk. paper) a(DNLM)101580967 aDNLM/DLCcLCdDLC apcc00aRC440.S7910aWY 16000a616.89/02312231 aStuart, Gail Wiscarz,10aPrinciples and practice of psychiatric nursing. /cGail Wiscarz Stuart.1 aPsychiatric nursing a10th ed. aSt. Louis, Mo. :bElsevier Mosby,c2013. axvi, 816 p. :bcolo. ill. ;c29 cm. aIncludes bibliographical references and index. aContents: 12aMental Disordersxnursing.22aPsychiatric Nursingxmethods.